| 000 -CABECERA |
| campo de control de longitud fija |
00677nam a2200217 u 4500 |
| 001 - NÚMERO DE CONTROL |
| campo de control |
000057733 |
| 005 - FECHA Y HORA DE LA ÚLTIMA TRANSACCIÓN |
| campo de control |
20200120223735.0 |
| 008 - DATOS DE LONGITUD FIJA--INFORMACIÓN GENERAL |
| campo de control de longitud fija |
130702s2007 ck gr 000 0 spa d |
| 020 ## - NÚMERO INTERNACIONAL ESTÁNDAR DEL LIBRO |
| Número Internacional Estándar del Libro |
9583019166 |
| 082 04 - NÚMERO DE LA CLASIFICACIÓN DECIMAL DEWEY |
| Número de clasificación |
153.35 |
| Número de documento/Ítem |
D22 |
| Número de edición |
21 |
| 100 1# - ENTRADA PRINCIPAL--NOMBRE DE PERSONA |
| Nombre de persona |
Dechance, Jacques. |
| 245 10 - MENCIÓN DE TÍTULO |
| Título |
Una creatividad a toda prueba : |
| Resto del título |
guía para liberar la inventiva / |
| Mención de responsabilidad, etc. |
Jacques Dechance ; traducción Adriano Moreno W. |
| 250 ## - MENCIÓN DE EDICIÓN |
| Mención de edición |
1a. ed. |
| 260 ## - PUBLICACIÓN, DISTRIBUCIÓN, ETC. |
| Lugar de publicación, distribución, etc. |
Bogotá : |
| Nombre del editor, distribuidor, etc. |
Panamericana, |
| Fecha de publicación, distribución, etc. |
2007. |
| 300 ## - DESCRIPCIÓN FÍSICA |
| Extensión |
248 p. |
| 490 #0 - MENCIÓN DE SERIE |
| Mención de serie |
Colección en armonía |
| 650 14 - PUNTO DE ACCESO ADICIONAL DE MATERIA--TÉRMINO DE MATERIA |
| Término de materia o nombre geográfico como elemento de entrada |
Aptitud creadora. |
| Fuente del encabezamiento o término |
LEMB |
| 650 24 - PUNTO DE ACCESO ADICIONAL DE MATERIA--TÉRMINO DE MATERIA |
| Término de materia o nombre geográfico como elemento de entrada |
Intuición (Psicología) |
| Fuente del encabezamiento o término |
LEMB |
| 650 24 - PUNTO DE ACCESO ADICIONAL DE MATERIA--TÉRMINO DE MATERIA |
| Término de materia o nombre geográfico como elemento de entrada |
Sentido del humor |
| 700 1# - PUNTO DE ACCESO ADICIONAL--NOMBRE DE PERSONA |
| Nombre de persona |
Moreno, Adriano, |
| Término indicativo de función/relación |
tr. |